Far gone / Laura Griffin.
"To save her only brother, police detective Andrea Finch must face down a criminal mastermind, the FBI, and her own demons"-- Provided by publisher.
Record details
- ISBN: 9781628991215 (large print : library binding : alk. paper)
- ISBN: 1628991216 (large print : library binding : alk. paper)
- Physical Description: 447 pages (large print) ; 23 cm.
- Edition: Center Point Large Print edition.
- Publisher: Thorndike, Maine : Center Point Large Print, 2014.
Search for related items by subject
| Genre: | Mystery fiction. Romantic suspense fiction. |
Available copies
- 1 of 1 copy available at scottsboropl.
Holds
- 0 current holds with 1 total copy.
Show Only Available Copies
| Location | Call Number / Copy Notes | Barcode | Shelving Location | Status | Due Date |
|---|---|---|---|---|---|
| scottsboropl | F Gri | 32269000945074 | Adult - Fiction | Available | - |
| LDR | 01539cam a22003858i 4500 | ||
|---|---|---|---|
| 001 | 137318 | ||
| 003 | CONS | ||
| 005 | 20140724072801.0 | ||
| 008 | 140226s2014 meu d 000 1 eng | ||
| 020 | . | ‡a9781628991215 (large print : library binding : alk. paper) | |
| 020 | . | ‡a1628991216 (large print : library binding : alk. paper) | |
| 035 | . | ‡a(CPomAG)LMN566724 | |
| 050 | 1 | 0. | ‡aPS3607.R54838 ‡bF37 2014b |
| 082 | 0 | 0. | ‡a813/.6 ‡223 |
| 100 | 1 | . | ‡aGriffin, Laura, ‡d1973- |
| 245 | 1 | 0. | ‡aFar gone / ‡cLaura Griffin. |
| 250 | . | ‡aCenter Point Large Print edition. | |
| 264 | 1. | ‡aThorndike, Maine : ‡bCenter Point Large Print, ‡c2014. | |
| 300 | . | ‡a447 pages (large print) ; ‡c23 cm. | |
| 336 | . | ‡atext ‡btxt ‡2rdacontent | |
| 337 | . | ‡aunmediated ‡bn ‡2rdamedia | |
| 338 | . | ‡avolume ‡bnc ‡2rdacarrier | |
| 520 | . | ‡a"To save her only brother, police detective Andrea Finch must face down a criminal mastermind, the FBI, and her own demons"-- ‡cProvided by publisher. | |
| 610 | 1 | 0. | ‡aUnited States. ‡bFederal Bureau of Investigation ‡vFiction. |
| 650 | 0. | ‡aWomen detectives ‡vFiction. | |
| 650 | 0. | ‡aBrothers and sisters ‡vFiction. | |
| 650 | 0. | ‡aMurder ‡xInvestigation ‡vFiction. | |
| 650 | 0. | ‡aSerial murders ‡vFiction. | |
| 650 | 0. | ‡aTerrorism ‡xPrevention ‡vFiction. | |
| 650 | 0. | ‡aLarge type books. | |
| 655 | 7. | ‡aMystery fiction. ‡2gsafd | |
| 655 | 7. | ‡aRomantic suspense fiction. ‡2gsafd | |
| 914 | . | ‡aSCP_jd ‡dLMN_cm | |
| 959 | . | ‡i32269000945074 ‡lF Gri ‡aAdult - Fiction ‡tFiction ‡g37.00 | |
| 852 | . | ‡p32269000945074 ‡jF Gri ‡gAdult - Fiction ‡cFiction ‡y37.00 ‡bSBPL | |
| 901 | . | ‡a137318 ‡bUnknown ‡c137318 ‡tbiblio | |